000
00239nam a22000857a 4500
008
131220b xxu||||| |||| 00| 0 eng d
020
_c
Available
245
_a
Theory and practice of Journalism
_c
Ahuja, B. N
260
_a
India
_b
Sungeet Publication
999
_c
76
_d
76